Apartmány Technik

Salvato in:
Dettagli Bibliografici
Autore principale: Trebuľa, Marek (Autore)
Altri autori: Pauliny, Pavol (Relatore della tesi)
Natura: Manoscritto Libro
Lingua:slovacco
Pubblicazione: Bratislava 2015
Soggetti:
Accesso online:http://is.stuba.sk/zp/portal_zp.pl?podrobnosti=94143
Tags: Aggiungi Tag
Nessun Tag, puoi essere il primo ad aggiungerne!!

MARC

LEADER 00000ntm a22000003a 4500
001 stuzp52753
003 SK-STU
005 20210226065809.6
007 ta
008 150427s2015----xo-----f-mn---000-0-slo-d
040 |a STU  |b slo 
041 0 |a slo 
100 1 |a Trebuľa, Marek  |u 053130  |4 aut  |U FAD Fakulta architektúry  |T FA Ústav dejín a teórie architektúry a obnovy pamiatok  |X 62184  |U A3130  |Y 394  |7 62184 
242 0 1 |a student appartments Technik  |y eng 
245 1 0 |a Apartmány Technik 
260 |c 2015  |a Bratislava 
650 4 |a obytná budova  |2 slo 
650 4 |a terasa  |2 slo 
650 4 |a gradacia  |2 slo 
650 4 |a residential building  |2 eng 
650 4 |a terrace  |2 eng 
650 4 |a gradacion  |2 eng 
700 1 |a Pauliny, Pavol  |4 ths  |X 474  |7 474 
856 4 |u http://is.stuba.sk/zp/portal_zp.pl?podrobnosti=94143  |u https://opac.crzp.sk/?fn=detailBiblioForm&sid=367CD704F5D5570C77E0F6DE3652 
SQL |a stuzp52753  |b DBP  |c SLO  |d Apartmány Technik  |e 62184  |f Trebuľa, Marek  |g 053130  |h 474  |i Pauliny, Pavol  |j 20150612  |k 149  |l 05  |m http://is.stuba.sk/zp/portal_zp.pl?podrobnosti=94143  |n B-AU  |o 5.1.1. architektúra a urbanizmus